000 00652nam a2200241Ia 4500
003 OSt
005 20220926015547.0
006 a|||||r|||| 00| 0
007 ta
008 220923b |||||||| |||| 00| 0 eng d
020 _a0132448718
037 _cGeneral Book
040 _aRTL
_cRTL
_beng
041 _2eng
_aeng
082 _aX:514-8:5, L4
100 _aStroh Thomas F
_9314996
245 0 _aEffective psychology for sales managers
260 _aNew York
_bParker
_c1974
300 _a208p
_ccm.
650 _aSalesmanship
_9229886
942 _hX:514-8:5, L4
_cGB
_2CC
999 _c631997
_d631997